Memorias de la Real Academia de Ciencias Morales y Políticas (Record no. 172597)
[ view plain ]
| 000 -LEADER | |
|---|---|
| campo de control de longitud fija | 02003nas a2200265 i 4500 |
| 001 - NÚMERO DE CONTROL | |
| campo de control | 172597 |
| 003 - IDENTIFICADOR DE NÚMERO DE CONTROL | |
| campo de control | ES-MaACL |
| 005 - FECHA Y HORA DE LA ÚLTIMA TRANSACCIÓN | |
| campo de control | 20251104184005.0 |
| 008 - DATOS DE LONGITUD FIJA--INFORMACIÓN GENERAL | |
| campo de control de longitud fija | 090724d1914 sp a| | 1 ||pa d |
| 080 ## - NÚMERO DE LA CLASIFICACIÓN DECIMAL UNIVERSAL | |
| Número de la Clasificación Decimal Universal | 3 : 061.12(460) |
| 110 2# - ENTRADA PRINCIPAL--NOMBRE DE ENTIDAD CORPORATIVA | |
| Nombre de entidad corporativa o nombre de jurisdicción como elemento de entrada | Real Academia de Ciencias Morales y Políticas (España) |
| 9 (RLIN) | 222050 |
| 245 10 - MENCIÓN DEL TÍTULO | |
| Título | Memorias de la Real Academia de Ciencias Morales y Políticas |
| Fechas predominantes | 1914. |
| 260 ## - PUBLICACIÓN, DISTRIBUCIÓN, ETC. | |
| Lugar de publicación, distribución, etc. | Madrid : |
| Nombre del editor, distribuidor, etc. | [s. n.], |
| Fecha de publicación, distribución, etc. | 1914 ( |
| Fabricante | Est. Tip. de Jaime Ratés) |
| 300 ## - DESCRIPCIÓN FÍSICA | |
| Extensión | 1 v. ; |
| Dimensiones | 26 cm. |
| 505 0# - NOTA DE CONTENIDO CON FORMATO | |
| Nota de contenido con formato | T. X. El sistema protector de los primeros materiales y del trabajo ; Economía política ; La agitación social ; ¿La legislación debe ocuparse en el contrato de trabajo? ; Contrato de trabajo ; La moneda ; La obligación moral ; La ley en varios de sus aspectos ; Repercusiones inesperadas de las leyes sociales y fiscales ; Melchor Salvá ; Figuig y la política francesa en Marruecos ; La evolución del trabajo en la antigua Grecia ; Notas de psicología colectiva: las emociones de Bolsa ; Propósitos del actual gobierno liberal de Inglaterra ; Resumen histórico de la Real Academia de Ciencias Morales y Políticas ; Cuestiones sociales y políticas en Inglaterra ; La educación moral ; El socialismo ; Errores en las estadísticas oficiales de España ; La reina Victoria, según su correspondencia inédita ; La instrucción pública en el Japón ; La India para los indios ; Discurso con motivo de su viaje a América / Rafael Altamira y Crevea. |
| 597 ## - NOTA DE DESCRIPCIÓN FÍSICA | |
| NOTA DE DESCRIPCIÓN FÍSICA | Error de pag.; ejemp. mal enc. |
| 700 1# - ENTRADA AGREGADA--NOMBRE PERSONAL | |
| Nombre de persona | Alzola y Minondo, Pablo de, |
| Fechas asociadas al nombre | 1841-1912 |
| 9 (RLIN) | 21064 |
| 700 1# - ENTRADA AGREGADA--NOMBRE PERSONAL | |
| Nombre de persona | Sanz y Escartín, Eduardo, |
| Fechas asociadas al nombre | 1855-1939 |
| 9 (RLIN) | 103695 |
| 700 1# - ENTRADA AGREGADA--NOMBRE PERSONAL | |
| Nombre de persona | Aguirre de Tejada O'Neale y Eulate, Manuel, |
| Títulos y otros términos asociados al nombre | Conde de Tejada de Valdosera |
| 9 (RLIN) | 18868 |
| 700 1# - ENTRADA AGREGADA--NOMBRE PERSONAL | |
| Nombre de persona | Aguilar y Correa, Antonio, |
| Títulos y otros términos asociados al nombre | Marqués de la Vega de Armijo, |
| Fechas asociadas al nombre | 1824-1908 |
| 9 (RLIN) | 18751 |
| 700 1# - ENTRADA AGREGADA--NOMBRE PERSONAL | |
| Nombre de persona | Salvá, Melchor, |
| Fechas asociadas al nombre | 1834-1918 |
| 9 (RLIN) | 102056 |
| 700 1# - ENTRADA AGREGADA--NOMBRE PERSONAL | |
| Nombre de persona | Altamira, Rafael, |
| Fechas asociadas al nombre | 1866-1951 |
| 9 (RLIN) | 20515 |
| 852 ## - LOCALIZACIÓN | |
| Ubicación | ES-MaACL |
| Número de control de estantería | K-180 |
| Estatus retirado | Estado de pérdida | Estado de daño | No para préstamo | Colección | Biblioteca de origen | Biblioteca actual | Ubicación en estantería | Fecha de adquisición | Total de préstamos | Signatura topográfica completa | Código de barras | Visto por última vez | Precio de reemplazo | Tipo de ítem Koha |
|---|---|---|---|---|---|---|---|---|---|---|---|---|---|---|
| Periódicos y Revistas | Biblioteca del Ateneo de Madrid | Biblioteca del Ateneo de Madrid | Administración | 24/07/2009 | K-180 | 1181126 | 23/02/2023 | 23/02/2023 | Revista |
